[Event "Montreal 3rd"]
[Site "Montreal"]
[Date "2002.07.27"]
[Round "3"]
[White "Hebert, Jean"]
[Black "Charbonneau, Pascal"]
[Result "0-1"]
[WhiteElo "2416"]
[BlackElo "2422"]
[Annotator "Donev,I"]
[PlyCount "68"]
[EventDate "2002.07.25"]
[EventType "tourn"]
[EventRounds "11"]
[EventCountry "CAN"]
[EventCategory "11"]
[SourceTitle "CBM 091"]
[Source "ChessBase"]
[SourceDate "2002.11.12"]
[SourceVersion "1"]
[SourceVersionDate "2002.11.12"]
[SourceQuality "1"]

1. e4 {Ftacnik} c5 2. Nc3 Nc6 3. g3 g6 4. Bg2 Rb8 5. f4 Bg7 6. Nf3 b5 7. O-O b4
8. Nd5 d6 $146 9. Ne3 e6 10. d3 Nge7 11. Kh1 {'?!' Ftacnik. Ftacnik: 'This
schematic move is losing a tempo and also enables black to benefit from
counterplay along a8-h1 diagonal with much stronger impact. There are many
examples of plans more forceful and promising for white, the opening line
contains lot of life. '} O-O 12. g4 {Weiß hat sich entschieden am Königsflügel
anzugreifen.} f5 $1 {Ftacnik: 'The key move of black's concept, Hebert must
become worried about the fate of his f4 pawn.' Das ist eine sehr wichtige
Verteidigungsmethode, die sehr oft im Geschlossenen Sizilianisch vorkommt. Mit
diesem Gegenschlag neutralisiert Schwarz die weiße Initiative am Königsflügel.}
13. gxf5 exf5 14. Nc4 (14. Qe1 {Ftacnik} fxe4 15. dxe4 Rxf4 16. Nf5 Rxf5 17.
exf5 Bxf5 $15) 14... Ba6 {Es doht 15...fxe4} (14... fxe4 $5 15. dxe4 d5 16.
exd5 Ba6 $15) 15. Ng5 {[%cal Yg5e6]} Qd7 16. exf5 (16. Ne3 h6 17. Nh3 fxe4 $1
$19 {[%cal Yd7h3,Ya6f1]}) 16... Nxf5 $15 {Schwarz steht schon besser.} 17. Bd5+
Kh8 18. Be6 (18. Ne6 Qf7 $1 (18... Rfe8 {Ftacnik} 19. Nxg7 Kxg7 20. c3 bxc3 21.
bxc3 Bb7 $17) 19. Qf3 Nce7 20. Nxc5 Nxd5 21. Nxa6 Rbe8 $17 {/\Nd4}) 18... Qc7
19. Bxf5 Rxf5 20. Ne3 {[%tqu "De","Wie soll Schwarz fortsetzen?","","","f5g5",
"",7]} Rxg5 $1 {Ftacnik: 'Excellent (even though forced) positional exchange
sacrifice. Hebert will be able to withstand the pressure along the white
diagonal a8-h1 only with greatest effort.  '} (20... Nd4 {Ftacnik} 21. Nxf5
Bb7+ 22. Kg1 (22. Nf3 {Ftacnik} gxf5 $19) 22... Nxf5 23. Re1 Bd4+ 24. Kf1 Qc6
25. Ne4 c4 $36) 21. fxg5 Bb7 $44 {[%cal Yb7h1] Schwarz hat mehr als genug
Kompensation für die geopferte Qualität. Jetzt ist der Läufer auf b7 so stark,
dass bald der weiße Monarch in eine schwere Lage gerät. Außerdem sind die
weißen Figuren am Damenflügel noch nicht entwickelt. Alles spricht dafür, dass
bald der Nachziehende entscheidenden Vorteil bekommt.} 22. Ng2 (22. Kg1 {
Ftacnik} Bd4 23. Qg4 Ne5 24. Qg3 Re8 $15) 22... Nd4 {Der Plan des
Nachziehenden ist einfach - Druck auf die geschwächte große Diagonale h1-a8
mittels Qc6, Nf5-Nh4 ...} 23. Rf2 (23. a3 {Ftacnik} Nf5 24. Qg4 Re8 25. c4 Qe7
$1 $17) 23... Nf5 {[%cal Yf5h4,Yh4g2]} 24. Qg4 {Vermeidet Nh4.} Re8 {[%cal
Ye8e1] Ftacnik: 'White has no squares for his pieces and the queenside is
still undeveloped.'} 25. Re2 (25. Bd2 Bxb2 26. Re1 Rxe1+ 27. Bxe1 Qf7 $17)
25... Rxe2 26. Qxe2 Qc6 27. Qe4 (27. Bd2 Nh4 28. Rg1 Nxg2 29. Rxg2 Bxb2 $19) {
[%tqu "De","Wie bekommt der Nachziehende entscheidenden Vorteil?","","","f5h4",
"",10]} 27... Nh4 $1 {[%mdl 64] Ftacnik: 'Small combination in the end;
Charbonneau very wittily proves to his opponent, that he will not be able to
withstand the pressure after all. ' Jetzt ist alles klar. Der schwarze Druck
auf der Diagonale h1-a8 hat sich rentiert. Der Anziehende verliert Material.}
28. Nxh4 (28. Qxc6 Bxc6 29. Kg1 Nxg2 $19) (28. Kg1 Nxg2 29. Kxg2 Qd7 $19) 28...
Qd7 $19 {Hier könnte der Anziehende ruhig aufgeben, weil der Rest nur eine
Formalität ist.} 29. Qxb7 Qxb7+ 30. Ng2 Qf3 {[%cal Yf3f1,Yf3d1]} 31. Bf4 Bxb2
32. Re1 Bc3 33. Re8+ Kg7 34. Kg1 Bd4+ (34... Bd4+ 35. Be3 (35. Kh1 Qf1#) 35...
Kf7 36. Re4 d5 37. Rf4+ Qxf4 38. Nxf4 Bxe3+ 39. Kg2 Bxf4) 0-1

[Event "Olympiad-34"]
[Site "Istanbul"]
[Date "2000.11.09"]
[Round "12.2"]
[White "Short, Nigel D"]
[Black "Nataf, Igor Alexandre"]
[Result "1-0"]
[WhiteElo "2677"]
[BlackElo "2526"]
[Annotator "Donev,I"]
[PlyCount "109"]
[EventDate "2000.10.28"]
[EventType "team-swiss"]
[EventRounds "14"]
[EventCountry "TUR"]
[SourceTitle "EXT 2001"]
[Source "ChessBase"]
[SourceDate "2000.11.22"]
[SourceVersion "1"]
[SourceVersionDate "2000.11.22"]
[SourceQuality "1"]
[WhiteTeam "England"]
[BlackTeam "France"]
[WhiteTeamCountry "ENG"]
[BlackTeamCountry "FRA"]

1. e4 c5 2. Nc3 Nc6 3. g3 g6 4. Bg2 Bg7 5. d3 Rb8 6. f4 d6 7. Nf3 e5 8. O-O
Nge7 9. f5 $1 {Einer für den Geschlossenen Sizilianer typischer
Bauerndurchbruch mit dem der Anziehende die Initiative am Königsflügel erobern
will.} gxf5 10. Nh4 $146 (10. Ng5 Nd4 11. Qh5 Rf8 12. Nxh7 Rh8 13. Bg5 $16 {
1/2-1/2 Lehti,J-Issakainen,A/FIN 1999/EXT 2000 (68)}) 10... Nd4 $6 (10... f4
$142 11. gxf4 Ng6 {und hier muss Weiss zwischen Nf3 oder Nf5 wählen.}) 11. exf5
f6 $2 {Nach diesem Fehler bekommt Weiß starken positionellen Druck. Natürlich
ist der f5-Bauer vergiftet, aber es war 11...Bf6 notwendig.} (11... Nexf5 12.
Qh5 {[%cal Yh5f7,Yf1f7,Yh5f5]} Be6 13. Nxf5 $18) (11... Bxf5 12. Nxf5 Nexf5 13.
Qh5 $18) (11... Bf6 $142 $5 {Dieser Zug war notwendig.}) 12. Nd5 $1 $16 {
[%mdl 32] Warum steht Weiss klar besser? Weil sein Springer ausgezeichnet im
Zentrum (starker Punkt d5) steht. Beide weißen Läufer kontrollieren die
wichtigen Diagonalen h1-a8 und c1-h6, im Vergleich dazu sind die schwarzen
Läufer eingeschränkt und schlecht. Dazu kommt auch der schlecht im Zentrum
stehende schwarze König. Also, es ist logisch der Plan c2-c3 nebst d3-d4, um
das Zentrum zu öffnen. Es ist musterhaft wie GM Short seinen jungen Gegner
überspielt.} Nxd5 (12... O-O 13. Nxe7+ Qxe7 14. Bd5+ Kh8 15. Qh5 $18 {[%cal
Yh4g6]}) (12... Qd7 13. Nxe7 Qxe7 14. Bd5 {Führt mit Zugumstellung zur
gleichen Stellung wie in der Partie.}) 13. Bxd5 Qe7 14. a4 Bd7 15. c3 Nc6 16.
Be3 Nd8 17. d4 $1 {Eine sehr gute Idee. Short versucht die Stellung zu öffnen,
um die schlechte Lage des schwarzen Monarchen auszunützen.} Nf7 (17... exd4 18.
Bf4 $1 {/\Re1} Nf7 {[%cal Yf7e5]} 19. cxd4 O-O (19... cxd4 20. Bxf7+ Qxf7 (
20... Kxf7 21. Re1 $18) 21. Re1+ Kd8 22. Qxd4 $18) 20. Re1 $18) 18. dxc5 dxc5
19. Qb3 b6 20. Rad1 Rd8 21. Rd2 Kf8 22. a5 Bh6 {Endlich konnte sich der
Nachziehende von seinem schlechtstehenden Läufer befreien. Zu spät. Zu seinen
positionellen Vorteilen fügt der Anziehende noch einen Bauern hinzu.} 23. Bxh6+
Nxh6 24. axb6 axb6 25. Qxb6 $18 {Der Rest ist reine Technik. Es ist sehr
lehrreich wie Short seinen Vorteil in einen ganzen Punkt umwandelt.} Kg7 26.
Qa7 Kf8 27. Be4 Nf7 28. Rfd1 Be8 29. Qxe7+ Kxe7 30. Rxd8 Nxd8 31. Ng2 {[%cal
Yg2e3,Ye3d5] Der Springer strebt nach d5.} Ba4 32. Rd2 Nf7 33. Ne3 Nd6 34. Nd5+
Kf7 35. Nxf6 Nc4 36. Bd5+ Kxf6 37. Bxc4 Kxf5 38. Kf2 h5 39. b3 Bc6 40. Rd6 Bh1
41. h3 Rf8 42. Ke3 Kg5 43. h4+ Kg4 44. Rg6+ Kh3 45. Be2 Rb8 46. Bd1 Bd5 47. c4
Bf7 48. Rg5 {[%cal Yg5h5,Yg5e5,Yd1h5]} Rb4 49. Ke4 Be6 50. Rxh5 (50. Kxe5 Bg4
51. Bxg4+ hxg4 52. h5 $18 {Gewinnt auch locker.}) 50... Kxg3 51. Kxe5 Bxc4 52.
Rg5+ ({Die letzte Hoffnung des Nachziehenden:} 52. bxc4 $2 Rxc4 $11) 52... Kh3
(52... Kxh4 53. Rg4+ Kh3 54. Rxc4 $18) 53. bxc4 Rxc4 54. h5 Kh4 55. Rg1 1-0

[Event "Tilburg Fontys"]
[Site "Tilburg"]
[Date "1996.10.19"]
[Round "8"]
[White "Adams, Michael"]
[Black "Lautier, Joel"]
[Result "1/2-1/2"]
[WhiteElo "2685"]
[BlackElo "2620"]
[Annotator "Donev,I"]
[PlyCount "123"]
[EventDate "1996.10.11"]
[EventType "tourn"]
[EventRounds "11"]
[EventCountry "NED"]
[EventCategory "16"]
[SourceTitle "CBM 056"]
[Source "ChessBase"]
[SourceDate "1997.02.01"]
[SourceVersion "1"]
[SourceVersionDate "1997.02.01"]
[SourceQuality "1"]

1. e4 {Hecht} c5 2. Nc3 d6 3. f4 g6 4. Nf3 Bg7 5. g3 Nc6 6. Bg2 e6 7. O-O Nge7
8. d3 O-O 9. Be3 Nd4 10. Bf2 Nec6 11. Nxd4 Nxd4 12. Rb1 Bd7 13. Ne2 {Der
größte Spezialist für diese Variante, GM Spassky, hat diese Stellung zweimal
in seiner Praxis auf dem Brett gehabt. In seinen Partien versuchte er, den
starken schwarzen Springer zu neutralisieren.} Ba4 $146 {Mit der Idee, die
Diagonale h8-a1abzuschwächen.} (13... Qa5 14. c3 (14. Nc1 Ba4 15. b3 Bc6 16.
Be1 Qa3 17. c3 Nb5 18. Ne2 f5 19. Qc2 Rae8 20. Rd1 Rf7 {1/2-1/2 Spassky,
B-Adorjan,A/Gjovik 1983}) 14... Nxe2+ 15. Qxe2 Qxa2 16. e5 Qb3 17. exd6 Rfc8
18. f5 gxf5 19. g4 Bc6 20. Bh4 fxg4 21. Qxg4 f5 22. Qg3 Kh8 23. Bxc6 bxc6 24.
Qf3 Rg8 25. Kh1 Raf8 26. Be7 Re8 27. Rg1 Qb7 28. Rxg7 Rxg7 29. Bf6 Rf8 30. Be5
Rff7 31. Re1 Qd7 32. Qe3 Kg8 33. Bxg7 Rxg7 34. Qxe6+ Qxe6 35. Rxe6 Rd7 36. Rf6
Rf7 37. Re6 Rd7 38. Kg2 {Spassky,B-Miles,A/Gjovik 1983/1/2-1/2 (60)}) 14. b3
Bc6 15. c4 Nxe2+ 16. Qxe2 Qd7 (16... Qe7 $142) 17. Rbd1 Qe7 18. Qd2 (18. d4 $5
Rad8 19. Rd2 {/\Rfd1Mit weißem Raumvorteil.}) 18... f5 19. Rfe1 e5 20. exf5
Bxg2 21. Kxg2 Rxf5 22. d4 $1 cxd4 23. Qxd4 $1 $14 Qf7 24. Qxd6 Bf8 25. Qd7 exf4
26. g4 f3+ 27. Kf1 {Mit den letzten Zügen hat Weiß seinen Vorteil vergrößert.
Der Bauern f3 ist abgeschniten. GM Adams zeigt meisterhaft, wie der schwache
Bauer f3 erobert werden kann. Der Plan ist nicht kompliziert. Zuerst die Damen
und den Läufer tauschen. Dann mit dem König den Bauern blockieren und
schließlich mit den Türmen angreifen.} Rf6 28. h3 h6 29. Re4 a5 30. Qxf7+ Rxf7
31. a4 Ra6 32. Rd8 Kh7 33. Bd4 Bg7 34. Kf2 $1 Bxd4+ 35. Rdxd4 {Man sieht den
Unterschied zwieschen den beiden Königen. Zudem stehen die weißen Türme auf
den offenen Linien aktiver.} Rb6 36. Re3 Rbf6 37. Rdd3 $16 Kg7 38. Rxf3 Rxf3+
39. Rxf3 Rd7 {In dem Moment, da der zweite Turm getauscht würde, entstünde ein
verlorenes Bauernendspiel.} 40. Ke2 Rd6 41. Ke3 b6 42. Ke4 h5 43. gxh5 $2 (43.
g5 $1 Rd1 44. Rd3 Rg1 45. Rd7+ Kf8 46. h4 (46. Rd6 $16) 46... Rg4+ 47. Ke5 Rxh4
48. Kf6 $18) 43... gxh5 44. Rf5 Kg6 {[#]} 45. h4 $4 {Es ist unglaublich, aber
dieser logische Zug ist ein grober Fehler, nach dem die Partie sofort Remis
ist. Weiß könnte mit folgender Variante leicht gewinnen:} (45. Rb5 $1 Re6+ 46.
Kd5 Rf6 47. c5 $18) 45... Re6+ $1 46. Re5 (46. Kf4 Rf6 $1 47. Rxf6+ Kxf6 $11)
46... Kf6 $1 {Der Nachziehende geht selber in ein Endspiel mit einem
Minusbauern, aber dafür bekommt er die Opposition. Am Damenflügel stoppen
außerdem zwei schwarze Bauern drei weiße Bauern.} 47. Rxe6+ Kxe6 {[%csl Ye4,
Ye6] Nahopposition. [#]_|_ Hecht Remisstellung nach Lolli, woran auch das
P-Pärchen auf der h-Linie nichts ändert.} 48. Kd3 Kd7 {[%csl Yd3,Yd7]
Fernopposition. Fernopposition!} (48... Kf5 {Hecht} 49. c5 bxc5 50. Kc4 Kg4 51.
Kxc5 Kxh4 52. b4 axb4 53. Kxb4 Kg3 54. a5 h4 55. a6 h3 56. a7 h2 57. a8=Q Kf2
58. Qh1 $18) (48... Kd6 {Hecht} 49. Kd4 Kc6 50. c5 bxc5+ 51. Kc4 $18) 49. Kc3
Kc7 {[%csl Yc3,Yc7]} 50. b4 axb4+ 51. Kxb4 Kc6 {<Lolli>} 52. Kb3 Kd6 53. Kc2
Kc6 54. Kd3 Kd6 55. Kc3 Kc5 56. Kb3 Kd6 57. Kb4 Kc6 58. c5 bxc5+ 59. Kc4 Kb6
60. Kd5 Ka5 61. Kxc5 Kxa4 62. Kc4 {Eine sehr lehrreiches Endspiel!!} 1/2-1/2

[Event "Bundesliga 9697"]
[Site "Germany"]
[Date "1996.??.??"]
[Round "?.5"]
[White "Donev, Ivo Hristov"]
[Black "Maiwald, Jens Uwe"]
[Result "0-1"]
[WhiteElo "2400"]
[BlackElo "2490"]
[Annotator "Donev,I"]
[PlyCount "112"]
[EventDate "1996.10.12"]
[EventType "team-tourn"]
[EventRounds "15"]
[EventCountry "GER"]
[SourceTitle "GER-chT"]
[Source "ChessBase"]
[SourceDate "1999.07.01"]
[SourceVersion "1"]
[SourceVersionDate "1999.07.01"]
[SourceQuality "1"]
[WhiteTeam "Eppingen"]
[BlackTeam "Dresden"]
[WhiteTeamCountry "GER"]
[BlackTeamCountry "GER"]

1. e4 c5 2. Nc3 Nc6 3. g3 g6 4. Bg2 Bg7 5. d3 e6 6. Be3 d6 7. f4 Nge7 8. Nf3
O-O 9. O-O b6 10. Qd2 Bb7 11. Rae1 d5 12. exd5 exd5 13. Bf2 (13. d4 Nf5 $17)
13... d4 14. Ne4 h6 15. g4 $6 (15. Qd1 f5 16. Ned2 {/\Nc4,Ne5} b5 17. Ne5 $11)
15... f5 $1 16. gxf5 Nxf5 17. Ng3 Nce7 18. Nxf5 Nxf5 $15 19. Re6 Kh7 20. Rfe1
Bd5 21. R6e2 Qd6 22. c4 (22. Ne5 Bxg2 23. Kxg2 Qd5+ 24. Kg1 Rae8) (22. Nh4 Ne3
$1 $17 (22... Bxg2 23. Nxg2) (22... Nxh4 23. Bxd5 Qxd5 24. Bxh4 Qxa2 25. b3 $44
{/\Re7})) 22... dxc3 23. bxc3 Rad8 $17 24. Rd1 Rfe8 25. Rxe8 Rxe8 26. d4 cxd4
27. cxd4 Rd8 28. Ne5 $1 Bxg2 29. Kxg2 Qd5+ 30. Kg1 Rc8 31. Qe2 Rd8 32. Qg4 Rd6
33. Qe2 b5 34. Qc2 Bxe5 $2 (34... a5 35. Qb3 b4 36. Qxd5 Rxd5 $17) 35. fxe5 $10
Rc6 36. Qb3 Rc4 37. Qa3 (37. a4 bxa4 38. Qb8 a5 $17) 37... h5 38. Qxa7+ Kh6 39.
Qa3 (39. Qb8 Qf3 (39... Kg5 40. Qf8) (39... Rc6 40. h4 $16) 40. Qh8+ Kg5 41.
Qf6+ Kh6 $10 (41... Kf4 42. Bg3+ Ke4 43. Re1+ $16)) 39... Rc2 40. Re1 (40. Qb3
Qe4 41. Re1 (41. h3 Qe2 42. Rf1 Rxa2 $13) 41... Qg4+ 42. Kf1 Rxf2+ 43. Kxf2
Qh4+ 44. Kf1 Qxh2 45. Re3 Nxd4 46. Qf7 Nf5 47. Qf8+ Kh7 (47... Kg5 48. Qf6+ Kf4
49. Rb3) 48. Qf7+ Kh6 $10) (40. Rc1) 40... Rxa2 41. Qf8+ Kh7 {Die Zeitnotphase
war schon vorbei. Nach langem Überlegen habe ich gesehen, daß ich mit 42.e6
Remis erzwingen kann. In diesem Moment (1.BL Mannschaftskampf) führte Dresden
gegen uns (Eppingen) leider mit 4:3. So war ich gezwungen, auf Sieg zu spielen,
um noch das 4:4 zu erreichen.} 42. Rc1 $6 (42. e6 $1 Qf3 (42... Rxf2 43. Qf7+
Kh6 44. Kxf2 Qxd4+ 45. Kf1 $10) 43. Qf7+ Kh6 44. Be3+ g5 45. Qf6+ $10) 42...
Ng7 $1 43. Qf4 $4 (43. h4 Qe4 44. Qf7) (43. h3 $1 Qe4 44. Qf7 $14) 43... b4 $19
44. Qg5 b3 45. Be3 (45. Qg2 b2 $1 46. Rb1 Ra1 47. Qxd5 Rxb1+ 48. Kg2 Ra1 $19)
45... Qd7 46. e6 (46. Qh6+ Kg8 47. Qxg6 b2 48. Rb1 Ra1 $19 49. Kf2 Rxb1 50.
Qxb1 Qf5+) 46... Qxe6 47. Rc7 Qg4+ 48. Qxg4 hxg4 49. Bc1 b2 50. Bxb2 Rxb2 51.
d5 Rd2 52. Rc4 Rxd5 53. Rxg4 Rd2 54. Rh4+ Nh5 55. Ra4 Kh6 56. Ra5 Nf4 0-1

[Event "Guillermo Garcia Memorial-A 08th"]
[Site "Santa Clara"]
[Date "2000.06.07"]
[Round "12"]
[White "Gonzalez Acosta, Bernal Manuel"]
[Black "Gongora Reyes, Maikel"]
[Result "0-1"]
[WhiteElo "2416"]
[BlackElo "2439"]
[Annotator "Donev,I"]
[PlyCount "52"]
[EventDate "2000.05.24"]
[EventType "tourn"]
[EventRounds "13"]
[EventCountry "CUB"]
[EventCategory "9"]
[SourceTitle "CBM 078"]
[Source "ChessBase"]
[SourceDate "2000.10.18"]
[SourceVersion "1"]
[SourceVersionDate "2000.10.18"]
[SourceQuality "1"]

1. e4 c5 2. Nc3 Nc6 3. g3 g6 4. Bg2 Bg7 5. d3 d6 6. f4 e5 7. Nh3 Nge7 8. O-O
Nd4 9. Be3 ({In dieser Stellung gefällt mir die Idee vom Exweltmeister und
großen Kenner des Geschlossenen Sizilianischs Boris Spassky.} 9. f5 $5 gxf5 10.
Qh5 $36 {/\Ng5}) 9... h5 {Bereitet h5-h4 vor und verschafft gleichzeitig das
Feld g4 für den schwarzen Damenläufer.} (9... O-O 10. Rb1 Rb8 11. Qd2 exf4 12.
Nxf4 Bd7 13. Ncd5 Nxd5 14. Nxd5 Be6 15. Nf4 Bxa2 16. Ra1 Be6 17. Rxa7 Qb6 18.
Nxe6 fxe6 19. Rxf8+ Rxf8 20. Ra2 Nf3+ 21. Bxf3 Rxf3 22. Kg2 Rf8 23. c3 Qc6 24.
Kg1 {1/2-1/2 Bastian,H-Eppinger,G/Germany 1983/GER-chT (24)}) (9... exf4 10.
Nxf4 O-O 11. Nfd5 Nxd5 12. Nxd5 Be6 13. Nf4 Bd7 14. Qd2 Ne6 15. Nd5 Nc7 16. Nf4
Bc6 17. c3 Re8 18. Rae1 b6 19. Nd5 Nxd5 20. exd5 Bd7 21. Bf4 Qc7 22. Qf2 Bf5
23. Be4 Bh3 24. Bg2 Bf5 25. Be4 Bh3 26. Bg2 Bxg2 27. Kxg2 Qd7 28. Qf3 Bf8 29.
Re4 Rxe4 30. dxe4 Re8 31. Rf2 h5 32. h3 b5 33. g4 hxg4 34. hxg4 b4 35. cxb4
cxb4 36. Bg3 a5 37. Kh3 Qa7 38. g5 a4 39. Kg2 b3 40. axb3 axb3 41. Re2 Qd4 42.
Bf2 Qc4 43. Bg3 Qd4 44. Bf2 Qc4 {1/2-1/2 Pliester,L-Ree,H/Amsterdam 1985/MCD 
(44)}) 10. fxe5 dxe5 11. Nd5 (11. Qd2 h4 $5 {/\ Be6, Qd7, 0-0-0 |^>><->h} 12.
Qf2 f6 $15) 11... Nxd5 12. exd5 Bg4 (12... h4 13. g4 $1 Bd7 14. c3 Nb5 (14...
Qc8 15. cxd4 Bxg4 16. Qa4+ Bd7 17. Qc4 Bxh3 18. Bxh3 Qxh3 19. Qb5+ Kf8 20. Qxb7
$1 $18 {[%cal Yb7a8,Yb7f7]}) 15. Qf3 $16) 13. Qd2 (13. Qe1 Bxh3 14. Bxd4 cxd4
15. Bxh3 Qxd5 $17) 13... Ne2+ 14. Kh1 h4 {Die kritische Stellung! Bis jetzt
war alles bekannt. Der nächste weiße Zug ist ein erfolgloser Versuch die weiße
Stellung zu verbessern. Wie der Partieverlauf gezeigt hat, ist nach Nf2 der
schwarze Angriff am Königsflügel kaum zu stoppen.} 15. Nf2 $2 $146 ({a)} 15.
gxh4 Qxh4 16. Bxc5 Ng3+ (16... b6 17. Be3 Ng3+ 18. hxg3 Qxg3 19. Qf2 Qxf2 20.
Bxf2 (20. Rxf2 Bxh3 21. Raf1 f5) 20... Bxh3 21. Bxh3 Rxh3+ 22. Kg2 Rh5 $11) (
16... Rc8 $1 17. Be3 Qh5 18. Rae1 Bxh3 19. Qxe2 Bg4 20. Bf3 Bxf3+ 21. Rxf3 Rxc2
$1 22. Qxc2 Qxf3+ 23. Qg2 Qxg2+ 24. Kxg2 Kd7 25. Bxa7 Kd6 $15 (25... Ra8 26.
Bc5 Rxa2 27. Ba3 b5 28. Re2 $15)) 17. hxg3 Qxg3 18. Qf2 Qxf2 19. Rxf2 Bxh3 20.
Bxh3 Rxh3+ 21. Kg2 $11) ({b)} 15. Bg5 $142 $5 f6 16. Bxh4 Bxh3 (16... g5 17.
Nf2 Qd7 18. Nxg4 Qxg4 19. Bf3 Nxg3+ 20. Bxg3 Qxg3 21. Qg2 $11) 17. Bxh3 Nd4 18.
c3 Nb5 19. d4 cxd4 20. Qd3 Qxd5+ 21. Bg2 Qd7 22. Qxg6+ Qf7 23. Qd3 Nd6 24. cxd4
e4 25. Qa3 Qe6 26. Qa4+ b5 27. Qb3 Kf7 28. d5 Qe5 29. Rac1 Kg6 30. Rc6 Rad8 31.
Qb4 Rxh4 32. gxh4 f5 33. Bh3 f4 34. Rg1+ Kh6 35. Rg5 Qe7 36. Qc5 Bf6 37. Rg1 e3
38. Rc7 $4 ({Donev} 38. Qc2 $1 $18) 38... Qe4+ 39. Bg2 f3 40. Qxa7 fxg2+ 41.
Rxg2 Re8 42. Rcc2 Qf3 43. Rc1 Rg8 {0-1 Leveille,F-Agnos,D/Paris 1996/EXT 97 
(43)}) 15... Nxg3+ $1 {[%mdl 128] Mittels dieses vorübergehenden Figurenopfers
öffnet der Nachziehende die Festung des weissen Monarchen. Der nächste Teil
des schwarzen Plans ist die lange Rochade und das Eindringen der schwarzen
Schwerfiguren über die offene h-Linie.} 16. hxg3 hxg3+ 17. Kg1 gxf2+ 18. Qxf2
$8 (18. Bxf2 Qd6 $19) 18... f5 19. Bxc5 b6 20. Bb4 Qg5 21. Rae1 O-O-O $19 22.
c4 $2 {Verliert sofort.} (22. d6 $142 Qh5 $19) 22... Qh5 {[%cal Yh5h2]} 23. Qe3
f4 24. Qe4 Bf5 25. Qf3 (25. Qe2 Qh2+ 26. Kf2 e4 $1 $19) 25... Qh2+ 26. Kf2 Rh3
0-1